"Bel Air" - All Lyrics (Lana Del Rey) - Statistics

General Stats
  • This quiz has been taken 14 times
  • The average score is 218 of 237
Answer Stats
Lyrics % Correct
a
100%
Air,
100%
at
100%
baby
100%
baby,
100%
be
100%
been
100%
Bel
100%
can
100%
Can
100%
can't
100%
front
100%
Gargoyles
100%
gate
100%
I
100%
I'm
100%
in
100%
I've
100%
late
100%
light,
100%
me
100%
me,
100%
meet
100%
my
100%
night
100%
of
100%
Palm
100%
Roses,
100%
roses,
100%
see
100%
standing
100%
take
100%
tell
100%
the
100%
there
100%
to
100%
trees
100%
Trying
100%
wait,
100%
wait
100%
waiting
100%
you
100%
your
100%
afraid
86%
but
86%
Come
86%
Darling,
86%
don't
86%
Don't
86%
door
86%
For
86%
greet
86%
heaven's
86%
it's
86%
love
86%
So
86%
wanna
86%
won't
86%
you're
86%
amour,
71%
anyone
71%
anywhere
71%
ashamed
71%
bad,
71%
bad
71%
brilliant
71%
cheat
71%
child
71%
Didn't
71%
direction
71%
divine
71%
ever
71%
flair
71%
got
71%
iconic
71%
kind
71%
know
71%
Lead
71%
like
71%
mad
71%
mine,
71%
mine?
71%
Mon
71%
more
71%
name
71%
no
71%
okay
71%
resurrection
71%
run
71%
shine?
71%
soft
71%
soul
71%
Spotlight,
71%
sunshine
71%
sweet
71%
violentest
71%
Walk
71%
war
71%
way
71%
with
71%
you've
71%
Grenadine,
57%
Idol
57%
out
57%
break
29%
heart
29%
this
29%
No matching quizzes found
Score Distribution
Percent of People with Each Score
Percentile by Number Answered
Your Score History
You have not taken this quiz